Τα ρόδινα ακρογιάλια και άλλα διηγήματα
Αποθηκεύτηκε σε:
| Κύριος συγγραφέας: | |
|---|---|
| Μορφή: | Βιβλίο |
| Γλώσσα: | Greek |
| Δημοσίευση: |
Αθήνα :
Εστία,
2002.
|
| Σειρά: | Νεοελληνική λογοτεχνία (Εστία)
191 |
| Θέματα: | |
| Ετικέτες: |
Προσθήκη ετικέτας
Δεν υπάρχουν, Καταχωρήστε ετικέτα πρώτοι!
|
MARC
| LEADER | 00000cam a2200000 i 4500 | ||
|---|---|---|---|
| 001 | 1/68427 | ||
| 008 | 041209s2002 gr | ||| |||| ||gre|| | ||
| 020 | |a 9600503656 | ||
| 035 | |l 10075775 | ||
| 040 | |a GR-MyUa |b gre |e AACR2 | ||
| 041 | 0 | |a gre | |
| 082 | 7 | |a 889.3 |2 (22) | |
| 100 | 1 | |a Παπαδιαμάντης, Αλέξανδρος, |d 1851-1911. | |
| 245 | 1 | 3 | |a Τα ρόδινα ακρογιάλια και άλλα διηγήματα / |c Αλέξ. Παπαδιαμάντη ; επιμέλεια Σπύρου Κοκκίνη. |
| 260 | |a Αθήνα : |b Εστία, |c 2002. | ||
| 300 | |a 275 σ. ; |c 17 εκ. | ||
| 490 | 1 | |a (Νεοελληνική λογοτεχνία / Εστία ; |v 191) | |
| 650 | 0 | |a Short stories, Greek (Modern) | |
| 830 | 0 | |a Νεοελληνική λογοτεχνία (Εστία) |v 191 | |
| 852 | |a INST |b RHODES |e 20041209 |h 889.3 ΠΑΠ |p 005400018173 |q 005400018173 |t BK |y 0 | ||
| 852 | |a INST |b SYROS |e 20060113 |h 889.3 ΠΑΠ |p 005500005010 |q 005500005010 |t BK |y 0 | ||
| 901 | |a BIBL5-2006-2 | ||
| 901 | |a BIBL4-2005-1 | ||
| 922 | |a 5ΕΛΗ |b 200511 |c Βιβλιοθήκη Σύρου |d Σελεφαΐς | ||
| 922 | |a 4ΕΛΗ |b 200412 |c Βιβλιοθήκη |d Δέντρο | ||
| 950 | |a 094 | ||
| 970 | |a Τσούνου |b Τσαμπίκα |z 31/01/2005 | ||